00769nam a2200241 4500001001300000003000400013005001700017008004100034010002200075025001900097040001800116050001800134082001300152245003700165260007500202300002600277350002500303410007100328500005300399650003300452730002500485999001700510sa 68012177 DLC20260227112607.0940713r1967 ii c 000 0 eng  asa 68012177 //r94 aPL480:I-E-9282 aDLCcDLCdDLC00aLA2383.I6bS500a370/.92200aSilhouettes in Indian education.0 a[New Delhi]bGovt. of India, Ministry of Education,c1966- [i.e. 1967- av. bports.c25 cm. a1.00a($0.36) (v. 1)10a[India (Republic).bMinistry of Education]tPublication,vno. 780- aOriginally published in the Education quarterly. 0aEducatorszIndiaxBiography.01aEducation quarterly. c84359d84359